[Event "Togliatti AVTOVAZ CCC"]
[Site "Togliatti"]
[Date "2008.09.05"]
[Round "10"]
[White "Filatov, Vladimir"]
[Black "Ryabuh, Dmitry"]
[Result "0-1"]
[WhiteElo "2210"]
[BlackElo "2203"]
[PlyCount "79"]
[EventDate "2008.09.05"]
[EventType "tourn"]
[EventRounds "11"]
[EventCountry "RUS"]
[SourceTitle "EXT 2022"]
[Source "ChessBase"]
[SourceDate "2021.10.06"]
[SourceVersion "1"]
[SourceVersionDate "2021.10.06"]
[SourceQuality "1"]

1. e4 c6 2. Nc3 d5 3. Qf3 d4 4. Bc4 e6 5. Nb1 Nd7 6. Qg3 b5 7. Be2 Qb6 8. Nf3 Ngf6 9. d3 Bb7 10. h4 h6 11. Bd2 a6 12. a3 Rc8 13. h5 Qc5 14. e5 Nd5 15. Bd1 Qb6 16. 0-0 c5 17. c3 Ne7 18. Nh4 Nc6 19. f4 c4 20. Kh2 cxd3 21. Bf3 Nc5 22. f5 Nxe5 23. Bxb7 Nxb7 24. Bf4 f6 25. fxe6 Qxe6 26. cxd4 Ng4+ 27. Kg1 Kd8 28. Nc3 Qd7 29. Nf5 g6 30. hxg6 h5 31. Qxd3 Rg8 32. Rae1 Rc4 33. g7 Bc5 34. Kh1 Nd6 35. Re7 Qxf5 36. Qxf5 Nxf5 37. Rb7 Rxg7 38. Rxg7 Nxg7 39. dxc5 Rxc5 40. Bg3 0-1

[Event "Togliatti AVTOVAZ CCC"]
[Site "Togliatti"]
[Date "2008.09.05"]
[Round "9"]
[White "Kazancev, Valerij M"]
[Black "Filatov, Vladimir"]
[Result "1-0"]
[WhiteElo "2324"]
[BlackElo "2210"]
[PlyCount "73"]
[EventDate "2008.09.05"]
[EventType "tourn"]
[EventRounds "11"]
[EventCountry "RUS"]
[SourceTitle "EXT 2022"]
[Source "ChessBase"]
[SourceDate "2021.10.06"]
[SourceVersion "1"]
[SourceVersionDate "2021.10.06"]
[SourceQuality "1"]

1. c4 c5 2. Nc3 Nc6 3. g3 g6 4. Bg2 Bg7 5. Nf3 e6 6. 0-0 Nge7 7. d3 0-0 8. Bf4 d6 9. Rb1 a6 10. a3 Rb8 11. Qd2 b5 12. cxb5 axb5 13. b4 cxb4 14. axb4 e5 15. Bg5 Qb6 16. Ne4 d5 17. Nc5 f6 18. Bh6 Bxh6 19. Qxh6 Nxb4 20. Rxb4 Qxc5 21. Rfb1 d4 22. Nh4 Bd7 23. e3 dxe3 24. fxe3 Be8 25. Rg4 f5 26. Rf1 Rb6 27. Kh1 Rbf6 28. d4 exd4 29. exd4 Qc4 30. Rgf4 Nd5 31. R4f2 b4 32. Nf3 Nc3 33. Ng5 Qc7 34. d5 Qe7 35. Ne6 R8f7 36. Qf4 Nb5 37. Qb8 1-0

[Event "Togliatti AVTOVAZ CCC"]
[Site "Togliatti"]
[Date "2008.09.05"]
[Round "3"]
[White "Tyugin, Vladimir"]
[Black "Filatov, Vladimir"]
[Result "1-0"]
[WhiteElo "1993"]
[BlackElo "2210"]
[PlyCount "127"]
[EventDate "2008.09.05"]
[EventType "tourn"]
[EventRounds "11"]
[EventCountry "RUS"]
[SourceTitle "EXT 2022"]
[Source "ChessBase"]
[SourceDate "2021.10.06"]
[SourceVersion "1"]
[SourceVersionDate "2021.10.06"]
[SourceQuality "1"]

1. d4 d5 2. Nf3 Nf6 3. c4 e6 4. g3 b6 5. Bg2 Bb7 6. Nc3 Be7 7. 0-0 0-0 8. Ne5 Nbd7 9. Bf4 Ne4 10. cxd5 exd5 11. Rc1 c5 12. Nxd7 Nxc3 13. Rxc3 Qxd7 14. dxc5 bxc5 15. Rd3 Rfd8 16. b3 Rac8 17. Qd2 c4 18. bxc4 Rxc4 19. Rd1 d4 20. Bxb7 Qxb7 21. Be5 Qc8 22. Bxd4 Rc2 23. Qe3 Re8 24. R3d2 Rc6 25. Qf3 Bb4 26. Rb2 a5 27. Kg2 h6 28. Rdb1 Rc4 29. e3 Qc6 30. Rb3 Qd6 31. Rd1 Qe7 32. Rdd3 Rc2 33. a3 Be1 34. Rb7 Rxf2+ 35. Qxf2 Qxb7+ 36. Qf3 Qxf3+ 37. Kxf3 a4 38. Bc3 Bxc3 39. Rxc3 Rb8 40. Rc4 Ra8 41. Ke4 Kf8 42. Kd5 Ke7 43. Kc5 Ra5+ 44. Kb6 Rh5 45. h4 Rf5 46. Rxa4 Rf3 47. Re4+ Kd6 48. a4 Rxg3 49. a5 Rg1 50. Rd4+ Ke5 51. Ra4 Rb1+ 52. Kc7 Rc1+ 53. Kd7 Rd1+ 54. Ke7 Rc1 55. a6 Rc7+ 56. Kf8 Ra7 57. Kxg7 f5+ 58. Kg6 Ke6 59. Ra5 h5 60. Kg5 Rf7 61. Kh6 Ra7 62. Kg6 Ra8 63. a7 Rg8+ 64. Kxh5 1-0